000 00493nam a2200181 a 4500
001 1763019238044
003 YourLibrary
005 20251114111525.0
008 251113s1983##################000#0#eng##
020 _a9780140444292
082 0 4 _a895.144SHE
100 1 _aFu, Shen,
_eauthor.
245 1 0 _aSix Records of a Floating Life :
260 _bNational Geographic Books,
_c1983.
650 0 _aBiography & Autobiography.
942 _cENGLISH
040 _aYourLibrary
_beng
_cYourLibrary
999 _c597483
_d597483